000 00669nam a22001931i 4500
001 183470
003 ES-MaACL
005 20260319063014.0
008 140626q19001925sp |||| | spa d
080 _a821.111-32"18"
100 1 _aChambers, Robert W.,
_d1865-1933
_9154869
245 1 3 _aLa república roja
_b: (novela del tiempo de la Commune) /
_cescrita por Roberto W. Chambers.
260 _aMadrid :
_b[s.n.,
_c19-?]
300 _a92 p. ;
_c26 cm.
490 1 _aBibliotecade Alrededor del Mundo
830 0 _aBibliotecade Alrededor del Mundo
_9191992
852 _aES-MaACL
_jG-6063(4)
_z.- Encuadernado con otras obras
999 _c183470
_d183470